| 000 | 00000nam 2200000zi 4500 |
| 001 | 9.873920 |
| 003 | CaOODSP |
| 005 | 20221107164043 |
| 006 | m o d f |
| 007 | cr ||||||||||| |
| 008 | 190530t20192019onc |ob f000 0 fre d |
| 020 | |a9780660311180 |
| 040 | |aCaOODSP|bfre|erda|cCaOODSP |
| 043 | |an-cn--- |
| 086 | 1 |aH164-278/2019F-PDF |
| 245 | 00|aLigne directrice sur les exigences relatives à la cybersécurité des instrument médicaux avant leur mise en marché. |
| 264 | 1|a[Ottawa] : |bSanté Canada = Health Canada, |c2019. |
| 264 | 4|c©2019 |
| 300 | |a1 ressource en ligne (25 pages) |
| 336 | |atexte|btxt|2rdacontent/fre |
| 337 | |ainformatique|bc|2rdamedia/fre |
| 338 | |aressource en ligne|bcr|2rdacarrier/fre |
| 500 | |aPublié aussi en anglais sous le titre : Guidance document : pre-market requirements for medical device cybersecurity. |
| 500 | |aTitre de la couverture. |
| 500 | |a« Date d’adoption : 2019/06/17; date d’entrée en vigueur : 2019/06/26. » |
| 500 | |a« Date de publication : Juin 2019. » |
| 500 | |aÉgalement publié en format HTML. |
| 504 | |aComprend des références bibliographiques (page 19). |
| 520 | |a« Santé Canada considère que l’inclusion de mesures de maîtrise des risques relatifs à lacybersécurité est un facteur important dans la délivrance des homologations d’instruments médicaux. Par conséquent, la présente ligne directrice fournit aux fabricants des instruments médicaux des conseils sur les pratiques, les interventions et les mesures de gestion qui peuvent améliorer la cybersécurité de leur instrument. La présente ligne directrice décrit également l’information à présenter dans le cadre d’une demande d’homologation d’instrument médical ou de modification d’homologation pour démontrer qu’un instrument médical, qui est ou qui contient un logiciel, est suffisamment protégé contre les menaces visant à exploiter une vulnérabilité de l’instrument dans le but de causer des dommages evntuels »--Objectifs stratégiques, page 6. |
| 650 | 6|aMédecine|xAppareils et instruments|xSécurité|xRèglements|zCanada. |
| 710 | 1 |aCanada. |bSanté Canada, |eorganisme de publication. |
| 775 | 08|tGuidance document : |w(CaOODSP)9.873919 |
| 856 | 40|qPDF|s366 Ko|uhttps://publications.gc.ca/collections/collection_2020/sc-hc/H164-278-2019-fra.pdf |
| 856 | 4 |qHTML|sS.O.|uhttps://www.canada.ca/fr/sante-canada/services/medicaments-produits-sante/instruments-medicaux/information-demandes/lignes-directrices/cybersecurite/document.html |
| 986 | |a190080 |